00390nam a2200157 a 450000100060000000300090000600800410001502000150005604000280007108200140009910000200011324500380013326000330017130000080020465000200021213578CO-ViMGA141112s2004 ck r 000 u spa d a8427911521 aCO-ViMGAbspacCO-ViMGA04a853 F155c1 aFallaci, Oriana10aCarta a un niño que nunca nacio aBarcelona : bNoguer, c1975 a11914aNOVELA ITALIANA